000 00309nam a22001217a 4500
008 181129b xxu||||| |||| 00| 0 eng d
041 _aeng
080 _a043.3
100 _a0
101 _aMTH-SHP
245 _aAnalize e politikave dhe vendimmarrjes ne sektorin shendetsore
_cBrestovci, G
942 _2udc
_cBK
999 _c52649
_d52649